Ο νέος διευρυμένος ρόλος των δικαιωμάτων του ανθρώπου
Saved in:
| Main Author: | |
|---|---|
| Format: | Book |
| Language: | Greek |
| Published: |
Αθήνα ; Θεσσαλονίκη :
Σάκκουλας,
1999.
|
| Subjects: | |
| Tags: |
Add Tag
No Tags, Be the first to tag this record!
|
MARC
| LEADER | 00000cam a2200000 a 4500 | ||
|---|---|---|---|
| 001 | 1/121581 | ||
| 008 | 200617s1999####gr |||||||||||||| ||gre|| | ||
| 040 | |a GR-MyUa |b gre |c GR-MyUa |e AACR2 | ||
| 041 | 0 | |a gre | |
| 082 | 7 | |a 323 |2 (23) | |
| 100 | 1 | |a Περράκης, Στέλιος Ε., |d 1948- | |
| 245 | 1 | 2 | |a Ο νέος διευρυμένος ρόλος των δικαιωμάτων του ανθρώπου |h [ανάτυπο] / |c Στέλιος Περράκης. |
| 260 | |a Αθήνα ; |a Θεσσαλονίκη : |b Σάκκουλας, |c 1999. | ||
| 300 | |a 97-116 σ. ; |c 24 εκ. | ||
| 500 | |a Ανάτυπο από το βιβλίο "50 χρόνια της Οικουμενικής Διακήρυξης των Δικαιωμάτων του Ανθρώπου 1948-1998. | ||
| 504 | |a Περιλαμβάνει βιβλιογραφικές παραπομπές. | ||
| 650 | 0 | |a Human rights | |
| 852 | |a INST |b LESVOS |e 20200617 |h 323 ΠΕΡ |p 005100062356 |q 005100062356 |t ANA |y 0 | ||
| 920 | |a Γρηγορίου |b Παναγιώτης |y Λέσβος |z 2003-09 | ||
| 970 | |a Καμάτσου |b Δέσποινα |z 17-06-2020 | ||